Flaming feet and other essays (Record no. 150158)

MARC details
000 -LEADER
fixed length control field 00612nam a2200265Ia 4500
008 - FIXED-LENGTH DATA ELEMENTS--GENERAL INFORMATION
fixed length control field 210210b2012 xxu||||| |||| 00| 0 eng d
020 ## - INTERNATIONAL STANDARD BOOK NUMBER
International Standard Book Number 817824358X
041 ## - LANGUAGE CODE
Language code of text/sound track or separate title eng
082 ## - DEWEY DECIMAL CLASSIFICATION NUMBER
Classification number 305.56 NAGF
100 ## - MAIN ENTRY--PERSONAL NAME
Personal name NAGARAJ (D R)
245 ## - TITLE STATEMENT
Title Flaming feet and other essays
Remainder of title Dalit movement in India
260 ## - PUBLICATION, DISTRIBUTION, ETC.
Place of publication, distribution, etc. Ranikhet
Name of publisher, distributor, etc. Permanent Black
Date of publication, distribution, etc. 2012
300 ## - PHYSICAL DESCRIPTION
Extent xxviii,254
650 ## - SUBJECT ADDED ENTRY--TOPICAL TERM
Topical term or geographic name entry element other
650 ## - SUBJECT ADDED ENTRY--TOPICAL TERM
Topical term or geographic name entry element movement
650 ## - SUBJECT ADDED ENTRY--TOPICAL TERM
Topical term or geographic name entry element India
650 ## - SUBJECT ADDED ENTRY--TOPICAL TERM
Topical term or geographic name entry element in
650 ## - SUBJECT ADDED ENTRY--TOPICAL TERM
Topical term or geographic name entry element Flaming
650 ## - SUBJECT ADDED ENTRY--TOPICAL TERM
Topical term or geographic name entry element feet
650 ## - SUBJECT ADDED ENTRY--TOPICAL TERM
Topical term or geographic name entry element essays
650 ## - SUBJECT ADDED ENTRY--TOPICAL TERM
Topical term or geographic name entry element Dalit
650 ## - SUBJECT ADDED ENTRY--TOPICAL TERM
Topical term or geographic name entry element and
690 ## - LOCAL SUBJECT ADDED ENTRY--TOPICAL TERM (OCLC, RLIN)
Topical term or geographic name as entry element Social Classes
906 ## - LOCAL DATA ELEMENT F, LDF (RLIN)
a 067430
Holdings
Withdrawn status Lost status Damaged status Not for loan Collection code Home library Current library Shelving location Date acquired Source of acquisition Cost, normal purchase price Total Checkouts Full call number Barcode Date last seen Price effective from Koha item type
          St Aloysius Library St Aloysius Library   02/17/2021 Navakarnataka Publication Pvt Ltd., Mangalore 350.00   305.56 NAGF 067430 02/17/2021 02/17/2021 Book